| 000 | 00395nab a2200133Ia 4500 | ||
|---|---|---|---|
| 003 | ES-SlBCS | ||
| 005 | 20210601131746.0 | ||
| 008 | 140529s1929 xxu||||| |||| 00| 0 fre d | ||
| 041 | _afre | ||
| 100 | 1 |
_aHerbillon, Colonel _9188672 |
|
| 245 | 0 | 0 |
_aSouvenirs sur le Maréchal Foch _c Colonel Herbillon |
| 773 | 0 |
_tVie Intelectuelle (La) _gvol. 4, nº. 3, 1929, págs. 396-410 _wRev907 |
|
| 942 | _cAR | ||
| 999 |
_c568310 _d568310 |
||